000 00339nam a2200133Ia 4500
008 240624s9999 xx 000 0 und d
041 _aeng
082 _a395 MAR
100 _aMARTIN JUDITH
245 _aMIND YOUR MANNERS A WITTY GUIDE
260 _c2015
_aNew Delhi
_bViva Books
300 _aix, : 302 : p. : cm. ; 22
365 _cRS
_b33
999 _c27429
_d27429